000 00761nam a2200193Ia 4500
008 151121s9999||||xx |||||||||||||| ||und||
082 _a814/पाठक
082 _bHNW-33925
100 _aपाठक गंगाधर रामचंद्र
245 _aनिबंध आणि कल्पनाविस्तार
260 _bपाठक गं। रा। पुणे।
260 _c--
300 _a232
600 _aपाठक गंगाधर रामचंद्र
630 _aनिबंध आणि कल्पनाविस्तार
700 _aपाठक गंगाधर रामचंद्र
730 _aनिबंध आणि कल्पनाविस्तार
942 _cBOOK
999 _c1227017
_d1227014